Results of scientific research on silviculture in Vietnam

Uloženo v:
Podrobná bibliografie
Hlavní autor: Forest Science Institute of VietNam
Médium: Kniha
Jazyk:Undetermined
Vydáno: H. Agricultural Publishing House 1998
Témata:
Tagy: Přidat tag
Žádné tagy, Buďte první, kdo otaguje tento záznam!
Thư viện lưu trữ: Trung tâm Học liệu Trường Đại học Cần Thơ
LEADER 00551nam a2200181Ia 4500
001 CTU_55439
008 210402s9999 xx 000 0 und d
020 |b 215000 
082 |a 634.95 
082 |b F716 
100 |a Forest Science Institute of VietNam 
245 0 |a Results of scientific research on silviculture in Vietnam 
245 0 |c Forest Science Institute of VietNam 
260 |a H. 
260 |b Agricultural Publishing House 
260 |c 1998 
650 |a forest and forestry 
980 |a Trung tâm Học liệu Trường Đại học Cần Thơ